000
00259nam a2200121Ia 4500
100
_a
Petroutsos/Evangelos
942
_c
BK
654
_a
Computer
245
_a
Mastering Visual Basic 5
260
_b
BPB
_a
New Delhi
_c
1997
546
_a
ENGLISH
999
_c
27367
_d
27367